Arquitectura costeña Bluefields

El trabajo muestra una excepcional capacidad de juicio y análisis que es necesario destacar en relación a anteriores trabajos de diploma.

Bibliographic Details
Main Author: González Rivas, Daniel
Other Authors: Tutor: Tello Alarcón, Roberto
Format: Tesis Section = Libro
Language:Undetermined
Spanish
Published: Managua Universidad Nacional Autónoma de Nicaragua (UNAN) 1987
Subjects:
LEADER 00821nam a2200217Ia 4500
008 240830s9999 xx 000 0 und d
040 |a BIBLIOTECA-RUSB/ Mon 721 G642 
041 |a spa 
082 |a Mon 721 G642 
100 1 |a González Rivas, Daniel 
245 1 0 |a Arquitectura costeña Bluefields 
260 |a Managua  |b Universidad Nacional Autónoma de Nicaragua (UNAN)  |c 1987 
300 |a 131 p. :il. 
502 |a Tesis (Arquitecto) - Universidad Nacional Autónoma de Nicaragua (UNAN), 1987. 
520 3 |a El trabajo muestra una excepcional capacidad de juicio y análisis que es necesario destacar en relación a anteriores trabajos de diploma. 
650 7 |a construcción ARQUITECTONICA 
650 7 |b  BLUEFIELDS 
700 1 |a Tutor:  |b Tello Alarcón, Roberto 
942 |c BK  |2 ddc 
991 |a TESIS 
999 |c 21161